000 00437nam a2200181Ia 4500
008 100917s9999 xx 000 0 und d
082 _b4004
100 _aमाडखोलकर गजानन त्र्यंबक
245 _aअनघा
260 _b---
_c1950
300 _a238
365 _b5
520 _aकथा
630 _aअनघा
650 _aकथा
730 _aअनघा
942 _cBOOK
999 _c609398
_d609395